[Event "Regionalliga SW 0304"]
[Site "Bayern"]
[Date "2004.01.18"]
[Round "5.8"]
[White "Kisseliza, Juri"]
[Black "Waltenberger, Udo"]
[Result "1/2-1/2"]
[WhiteElo "2052"]
[BlackElo "1957"]
[PlyCount "118"]
[EventDate "2003.10.??"]
[EventType "team"]
[EventRounds "9"]
[EventCountry "GER"]
[SourceTitle "EXT 2006"]
[Source "ChessBase"]
[SourceDate "2005.11.24"]
[SourceVersion "1"]
[SourceVersionDate "2005.11.24"]
[SourceQuality "1"]
[WhiteTeam "Garching"]
[BlackTeam "Muenchen 77 Nord"]
[WhiteTeamCountry "GER"]
[BlackTeamCountry "GER"]

1. d4 Nf6 2. e3 g6 3. Bd3 d5 4. f4 Bg7 5. Nd2 0-0 6. Ngf3 Nbd7 7. h3 c5 8. c3 b6 9. g4 Bb7 10. Qe2 Qc7 11. Nf1 Ne4 12. Qg2 Nd6 13. h4 Nf6 14. h5 gxh5 15. g5 Nfe4 16. Qh3 Bc8 17. Qxh5 Bf5 18. Nh4 Qd7 19. Nxf5 Qxf5 20. Bd2 f6 21. gxf6 Qxh5 22. Rxh5 Nxf6 23. Rh3 Nde4 24. Ke2 Rf7 25. Nh2 Bh8 26. Rg1+ Rg7 27. Rxg7+ Bxg7 28. Nf3 h6 29. Be1 Rc8 30. Ne5 e6 31. Bh4 Rc7 32. Rh2 Bf8 33. Kf3 Rg7 34. Bxf6 Rg3+ 35. Ke2 Nxf6 36. Bg6 Ng4 37. Bf7+ Kg7 38. Nxg4 Kxf7 39. Ne5+ Ke8 40. Kf2 Rg8 41. Rg2 Rxg2+ 42. Kxg2 cxd4 43. cxd4 Bg7 44. Nf3 Bf6 45. Ne1 Kf7 46. Nd3 a5 47. b3 Kg6 48. Kf3 Kf5 49. Nf2 h5 50. Nd3 Bh4 51. Ne5 Be1 52. Nf7 Bb4 53. Ng5 Be7 54. Nh3 Bh4 55. Ng1 b5 56. a4 bxa4 57. bxa4 Be1 58. Nh3 Bd2 59. Nf2 Be1 1/2-1/2

[Event "Regionalliga SW 0001"]
[Site "Bayern"]
[Date "2000.11.12"]
[Round "2.2"]
[White "Kisseliza, Juri"]
[Black "Hoy, Ralph"]
[Result "0-1"]
[WhiteElo "2130"]
[BlackElo "2010"]
[PlyCount "76"]
[EventDate "2000.10.15"]
[EventType "team-tourn"]
[EventRounds "9"]
[EventCountry "GER"]
[SourceTitle "EXT 2020"]
[Source "ChessBase"]
[SourceDate "2019.10.17"]
[SourceVersion "1"]
[SourceVersionDate "2019.10.17"]
[SourceQuality "1"]
[WhiteTeam "Garching"]
[BlackTeam "Klosterlechfeld"]
[WhiteTeamCountry "GER"]
[BlackTeamCountry "GER"]

1. d4 b5 2. e3 Bb7 3. f4 e6 4. Nf3 a6 5. Bd3 Nf6 6. 0-0 c5 7. c3 Nc6 8. Nbd2 Qb6 9. Qe2 cxd4 10. exd4 Be7 11. Ne5 0-0 12. h3 d6 13. Ng4 Rae8 14. Kh2 Nxg4+ 15. Qxg4 f5 16. Qg3 e5 17. fxe5 dxe5 18. Rxf5 Rxf5 19. Bxf5 exd4 20. Ne4 Kh8 21. Bg5 dxc3 22. bxc3 Rf8 23. Bxh7 Kxh7 24. Qh4+ Kg8 25. Bxe7 Nxe7 26. Qxe7 Qc6 27. Re1 Rf4 28. Qd8+ Rf8 29. Qe7 Rf4 30. Qd8+ Rf8 31. Qg5 Qe6 32. Qh4 Qxa2 33. Qg4 Qd5 34. Ng5 Qd6+ 35. Kh1 Qf6 36. Qh5 Bxg2+ 37. Kh2 Qf4+ 38. Kg1 Qf2+ 0-1

[Event "Regionalliga SW 9900"]
[Site "Bayern"]
[Date "2000.??.??"]
[Round "4.3"]
[White "Wittal, Werner"]
[Black "Kisseliza, Juri"]
[Result "0-1"]
[WhiteElo "1980"]
[BlackElo "2065"]
[PlyCount "64"]
[EventDate "1999.??.??"]
[EventType "team-tourn"]
[EventRounds "9"]
[EventCountry "GER"]
[SourceTitle "EXT 2020"]
[Source "ChessBase"]
[SourceDate "2019.10.17"]
[SourceVersion "1"]
[SourceVersionDate "2019.10.17"]
[SourceQuality "1"]
[WhiteTeam "Noerdlingen"]
[BlackTeam "Garching"]
[WhiteTeamCountry "GER"]
[BlackTeamCountry "GER"]

1. d4 d5 2. Nf3 Nd7 3. c3 e6 4. Bg5 f6 5. Bh4 Bd6 6. Nbd2 Ne7 7. e4 0-0 8. Bd3 Ng6 9. Bg3 Nf4 10. Bxf4 Bxf4 11. 0-0 c5 12. Re1 g6 13. exd5 exd5 14. Qe2 c4 15. Bc2 Nb6 16. Qe7 Bd7 17. g3 Bh6 18. b3 Qxe7 19. Rxe7 Rf7 20. Rae1 Rc8 21. b4 Kf8 22. Rxf7+ Kxf7 23. h4 Na4 24. Nb1 Nb2 25. Nh2 Nd3 26. Rd1 Re8 27. Bxd3 cxd3 28. Kg2 Ba4 29. Rf1 d2 30. Ng4 d1Q 31. Nxh6+ Kg7 32. Rxd1 Bxd1 0-1

[Event "Regionalliga SW 9900"]
[Site "Bayern"]
[Date "1999.??.??"]
[Round "3.3"]
[White "Kisseliza, Juri"]
[Black "Kindtner, Ulrich"]
[Result "0-1"]
[WhiteElo "2065"]
[BlackElo "2190"]
[PlyCount "116"]
[EventDate "1999.??.??"]
[EventType "team-tourn"]
[EventRounds "9"]
[EventCountry "GER"]
[SourceTitle "EXT 2020"]
[Source "ChessBase"]
[SourceDate "2019.10.17"]
[SourceVersion "1"]
[SourceVersionDate "2019.10.17"]
[SourceQuality "1"]
[WhiteTeam "Garching"]
[BlackTeam "Pasing II"]
[WhiteTeamCountry "GER"]
[BlackTeamCountry "GER"]

1. d4 g6 2. e4 Bg7 3. c4 Nc6 4. Be3 e5 5. d5 Nd4 6. Bd3 c5 7. Nc3 d6 8. Nge2 Ne7 9. f3 0-0 10. Qd2 f5 11. Bg5 f4 12. Nxd4 cxd4 13. Ne2 h6 14. Bxe7 Qxe7 15. 0-0-0 g5 16. Kb1 g4 17. Rc1 b6 18. b3 Bf6 19. Rcf1 Bg5 20. Nc1 Kh8 21. Be2 h5 22. Nd3 a5 23. a4 Rg8 24. Qd1 Bh6 25. Rfg1 Bd7 26. g3 Raf8 27. gxf4 exf4 28. Nf2 Qf6 29. Nd3 Rg5 30. Rf1 Rg6 31. Rf2 Rfg8 32. Rg2 Qg7 33. Qe1 Qe7 34. Rhg1 Kh7 35. Qf2 Qf6 36. Qf1 g3 37. hxg3 Bh3 38. g4 hxg4 39. fxg4 Bxg2 40. Qxg2 Bg5 41. Bf3 Kg7 42. Rh1 Rh6 43. Rh5 Rxh5 44. gxh5 Kh8 45. Bg4 Bh6 46. Qf3 Qh4 47. Nf2 Qg3 48. Kc2 Rxg4 49. Qxg4 Qxf2+ 50. Kb1 Qe1+ 51. Ka2 Qxe4 52. Qc8+ Kh7 53. Qd7+ Bg7 54. h6 Kxh6 55. Qh3+ Kg5 56. Qd7 Qe5 57. Qd8+ Kg4 58. Qd7+ Kg3 0-1

[Event "Regionalliga SW 9899"]
[Site "Bayern"]
[Date "1998.??.??"]
[Round "2.5"]
[White "Kisseliza, Juri"]
[Black "Altmann, Christoph"]
[Result "1/2-1/2"]
[WhiteElo "2050"]
[BlackElo "1985"]
[PlyCount "28"]
[EventDate "1998.??.??"]
[EventType "team-tourn"]
[EventRounds "9"]
[EventCountry "GER"]
[SourceTitle "EXT 2020"]
[Source "ChessBase"]
[SourceDate "2019.10.17"]
[SourceVersion "1"]
[SourceVersionDate "2019.10.17"]
[SourceQuality "1"]
[WhiteTeam "Garching"]
[BlackTeam "Sendling"]
[WhiteTeamCountry "GER"]
[BlackTeamCountry "GER"]

1. d4 f5 2. c4 Nf6 3. Nc3 g6 4. e3 Bg7 5. Bd3 d6 6. Nge2 0-0 7. 0-0 e5 8. f3 Nc6 9. b3 Nh5 10. Bc2 Nb4 11. Bb1 a5 12. a3 Na6 13. Bb2 c6 14. Bc2 Be6 1/2-1/2

[Event "Regionalliga SW 9899"]
[Site "Bayern"]
[Date "1998.??.??"]
[Round "3.6"]
[White "Kisseliza, Juri"]
[Black "Blosze, Erik"]
[Result "0-1"]
[WhiteElo "2050"]
[BlackElo "1995"]
[PlyCount "56"]
[EventDate "1998.??.??"]
[EventType "team-tourn"]
[EventRounds "9"]
[EventCountry "GER"]
[SourceTitle "EXT 2020"]
[Source "ChessBase"]
[SourceDate "2019.10.17"]
[SourceVersion "1"]
[SourceVersionDate "2019.10.17"]
[SourceQuality "1"]
[WhiteTeam "Garching"]
[BlackTeam "Pasing II"]
[WhiteTeamCountry "GER"]
[BlackTeamCountry "GER"]

1. d4 f5 2. e3 Nf6 3. Bd3 e6 4. Ne2 Be7 5. Nd2 d5 6. 0-0 0-0 7. c3 b6 8. b3 Ne4 9. f3 Nxd2 10. Qxd2 Ba6 11. Bxa6 Nxa6 12. a4 c5 13. Qd3 Nc7 14. Ba3 Qd7 15. Rfd1 Rfd8 16. Qd2 Rac8 17. Qa2 Na6 18. Rac1 Bg5 19. Kf2 c4 20. Ra1 cxb3 21. Qxb3 Rc4 22. Bb2 Qc7 23. Rdc1 Qxh2 24. f4 Bh4+ 25. Kf3 g5 26. fxg5 e5 27. dxe5 Nc5 28. Qc2 Ne4 0-1